| 000 | 00854nab a2200253 u 4500 | ||
|---|---|---|---|
| 001 | 10425 | ||
| 003 | HDC | ||
| 007 | cr bn ---aaaaa | ||
| 008 | 210204c20091207my dr|nes 0 a eng d | ||
| 040 | _aHDC | ||
| 100 |
_aSharidan M. Ali, _eauthor _910667 |
||
| 245 | 0 |
_aBanks confident of robust SME loans growth next year / _cby Sharidan M. Ali |
|
| 260 |
_aKuala Lumpur : _bStar Publications (M) Bhd., _c2009 |
||
| 336 |
_atext _2rdacontent |
||
| 337 |
_acomputer _2rdamedia |
||
| 338 |
_aonline resource _2rdacarrier |
||
| 650 |
_aBank and banking _97656 |
||
| 650 |
_aSmall business _9208 |
||
| 710 | _aThe Star | ||
| 856 | _zRequest full-text at [email protected] | ||
| 942 | _2lcc | ||
| 942 | _cNEWS | ||
| 942 | _kNWSC 003848 | ||
| 999 |
_c7748 _d7748 |
||